000 00549nam a22001931 4500
001 bimo0001419787
003 OSt
005 20130621171201.0
008 970922s1971 sp spa
040 _aSpMaBN
_cBMC
082 _a843.7
100 _9654
_aSandeau, Jules
_d1811-1883
245 1 3 _aLa señorita de la Seigliére
_cJules Sandeau ; [traducción del francés por Pedro Vances]
260 0 _aMadrid
_bEspasa-Calpe
_c1971
300 _a159 p.
_c18 cm
490 0 _aAustral
_v1465
700 _9655
_aVances Cuevas, Pedro
942 _2ddc
_cBK
999 _c561
_d561